| 000 | 00000nam##2200000za#4500 |
| 001 | 9.700442 |
| 003 | CaOODSP |
| 005 | 20250506145324 |
| 007 | cr ||||||||||| |
| 008 | 150407|1990||||xxc|||||o f|0| 0 eng|d |
| 040 | |aCaOODSP|beng |
| 043 | |an-cn--- |
| 086 | 1 |aA43-1835/1989E-PDF |
| 110 | 1 |aCanada.|bAgriculture Canada. |
| 245 | 10|aAphids infesting crucifers in Canada / |h[electronic resource]|c[by] D.G.R. McLeod, D.T. Lowery. |
| 260 | |bAgriculture Canada |c1990. |
| 300 | |a18p.|bcoloured illus. |
| 500 | |aHistorical publication digitized by Agriculture and Agri-Food Canada. |
| 504 | |aBibliography. |
| 590 | |a15-03-Supp|b2015-03-13 |
| 720 | 1 |aMcLeod, D. G. R. |
| 720 | 1 |aLowery, D. T. |
| 775 | 08|tPucerons infestant les crucifères au Canada / |w(CaOODSP)9.644334 |
| 856 | 40|ahttp://publications.gc.ca|qPDF|s1094 KB|uhttps://publications.gc.ca/collections/collection_2015/aac-aafc/A43-1835-1989-eng.pdf |
| 986 | |aPublication 1835/E |